000 00540nam a22001937a 4500
005 20250724155419.0
010 _aENG-146142
020 _c199.00
_a9788119524389
035 _aEN-129674
037 _bDBAD
082 _aS
_21
100 _aChandra, Kartik
_983329
245 _aBattle of the Starlight:
_bWhisker's Quest/
_cKartik Chandra
250 _a1
260 _aKolkata
_bExceller Books
_c2024
270 _aG1 Dream Apartment, Degree College Road
_b Belgharia,Kolkata
300 _a64p.
_c22cm(pb)
942 _2ddc
_cEN
_mCHA
_hS
999 _c212603
_d212603